| 000 | 00383nam a2200169Ia 4500 | ||
|---|---|---|---|
| 003 | 0STCL | ||
| 008 | 150530s9999 xx 000 0 und d | ||
| 040 |
_aSTCL _cSTCL |
||
| 100 | _aRamsey, A.S. | ||
| 245 | _aTreatise on hydromechanics part II | ||
| 250 | _aFirst | ||
| 260 |
_bG.Bell _c1960 |
||
| 546 | _aEnglish | ||
| 942 |
_2ddc _cBK |
||
| 999 |
_c24550 _d24550 |
||
| 005 | 20220125170018.0 | ||